000 00765nam a2200229 a 4500
999 _c592
_d592
001 592
003 BD-JhCC
005 20171016165450.0
008 171007s2016 bg |||| |||| 000 0 ben d
020 _a9789849029908
035 _a(BD-JhCC)592
040 _aBD-JhCC
_dBD-JhCC
041 _aben
082 _a891.4409
_bIQB 2016
100 _aইকবাল, মুহম্মদ জাফর
245 _aযখনি জাগিবে তুমি /
_cমুহম্মদ জাফর ইকবাল
260 _aঢাকা;
_bআফসার ব্রাদার্স,
_c২০১৬
300 _a২০০ পৃ.;
_c২২ সে.মি.
650 _aBengali Literature
942 _2ddc
_cBK